[Event "CFriend CP-2005-P-00011"]
[Site "Chessfriend.com"]
[Date "2005.10.01"]
[Round "1"]
[White "Gabaldon Segovia, Jose"]
[Black "Certoux, Jean Marie"]
[Result "0-1"]
[WhiteElo "1371"]
[BlackElo "1330"]
[PlyCount "36"]
[EventDate "2005.??.??"]
[EventType "tourn (corr)"]
[EventRounds "3"]
[SourceTitle "Corr 2008"]
[Source "ChessBase"]
[SourceDate "2008.06.24"]
[SourceVersion "1"]
[SourceVersionDate "2008.06.24"]
[SourceQuality "1"]

1. d4 Nf6 2. c4 d5 3. Nc3 e6 4. Bg5 Bb4 5. e3 Bxc3+ 6. bxc3 c6 7. Nf3 h6 8. Bf4 Ne4 9. Qc2 Qa5 10. Rc1 Nd7 11. Bd3 Ndf6 12. Ne5 c5 13. 0-0 b6 14. f3 Ng5 15. e4 dxe4 16. fxe4 Bb7 17. d5 Rd8 18. h4 Ngh7 0-1

[Event "CFriend CP-2005-P-00011"]
[Site "Chessfriend.com"]
[Date "2005.10.01"]
[Round "1"]
[White "Stoyanov, Zlatin"]
[Black "Gabaldon Segovia, Jose"]
[Result "1-0"]
[WhiteElo "2188"]
[BlackElo "1371"]
[PlyCount "29"]
[EventDate "2005.??.??"]
[EventType "tourn (corr)"]
[EventRounds "3"]
[SourceTitle "Corr 2024"]
[Source "ChessBase"]
[SourceDate "2023.10.19"]
[SourceVersion "1"]
[SourceVersionDate "2023.10.19"]
[SourceQuality "1"]

1. e4 c5 2. Nf3 e6 3. d4 cxd4 4. Nxd4 a6 5. Be2 Qc7 6. 0-0 Nf6 7. Nc3 b5 8. Bf3 Bb7 9. e5 b4 10. Bxb7 Qxb7 11. Na4 Nd5 12. c4 bxc3 13. Nxc3 Nxc3 14. bxc3 Bc5 15. Qg4 1-0

[Event "CFriend SL-2003-0-00011 email"]
[Site "Chessfriend.com"]
[Date "2003.08.05"]
[Round "?"]
[White "Gabaldon Segovia, Jose"]
[Black "Bouma, Jan"]
[Result "0-1"]
[WhiteElo "1373"]
[BlackElo "1526"]
[PlyCount "48"]
[EventDate "2003.08.05"]
[EventType "tourn (corr)"]
[EventRounds "10"]
[SourceTitle "Corr 2008"]
[Source "ChessBase"]
[SourceDate "2008.06.24"]
[SourceVersion "1"]
[SourceVersionDate "2008.06.24"]
[SourceQuality "1"]

1. e4 c5 2. Nf3 d6 3. g3 Nc6 4. Bg2 Nf6 5. d3 e6 6. 0-0 Be7 7. Re1 0-0 8. c3 Rb8 9. d4 b6 10. Qe2 a6 11. e5 dxe5 12. Nxe5 Nxe5 13. dxe5 Nd5 14. Nd2 Bb7 15. Qg4 Qc7 16. Nc4 Rfd8 17. Bh6 Bf8 18. h4 b5 19. Nd2 Ne7 20. h5 Kh8 21. Bg5 Bxg2 22. Kxg2 h6 23. Bxe7 Bxe7 24. Nf3 c4 0-1

[Event "CFriend SL-2003-0-00011 email"]
[Site "Chessfriend.com"]
[Date "2003.08.05"]
[Round "?"]
[White "Kluge, Klaus"]
[Black "Gabaldon Segovia, Jose"]
[Result "1-0"]
[WhiteElo "1461"]
[BlackElo "1373"]
[PlyCount "31"]
[EventDate "2003.08.05"]
[EventType "tourn (corr)"]
[EventRounds "10"]
[SourceTitle "Corr 2008"]
[Source "ChessBase"]
[SourceDate "2008.06.24"]
[SourceVersion "1"]
[SourceVersionDate "2008.06.24"]
[SourceQuality "1"]

1. d4 Nf6 2. c4 c5 3. dxc5 Qa5+ 4. Nc3 Qxc5 5. e3 g6 6. Nf3 Bg7 7. Be2 d6 8. 0-0 0-0 9. a3 Be6 10. b3 Nc6 11. Nd4 Bd7 12. Bb2 a6 13. b4 Qg5 14. Nf3 Qf5 15. Re1 Rfe8 16. Rb1 1-0

[Event "CFriend SL-2003-0-00003 email"]
[Site "Chessfriend.com"]
[Date "2003.02.06"]
[Round "?"]
[White "Arauz, Christopher"]
[Black "Gabaldon Segovia, Jose"]
[Result "0-1"]
[WhiteElo "679"]
[BlackElo "1175"]
[PlyCount "72"]
[EventDate "2003.02.06"]
[EventType "tourn (corr)"]
[EventRounds "12"]
[SourceTitle "Corr 2008"]
[Source "ChessBase"]
[SourceDate "2008.06.24"]
[SourceVersion "1"]
[SourceVersionDate "2008.06.24"]
[SourceQuality "1"]

1. e4 c6 2. Nf3 d5 3. exd5 cxd5 4. d4 Nc6 5. Bb5 Bg4 6. 0-0 e6 7. Bf4 Qf6 8. Bg3 Bxf3 9. gxf3 Nh6 10. c3 Be7 11. Nd2 0-0 12. Qe2 Nf5 13. Rae1 Qg6 14. Kh1 Rac8 15. Rg1 Qh5 16. Rg2 Nh4 17. Bxh4 Qxh4 18. Reg1 g6 19. Bd3 Bd6 20. Nf1 Ne7 21. Rg4 Qf6 22. Ng3 Kh8 23. Nf1 Nf5 24. Ne3 Rfe8 25. Qd2 Nh4 26. Be2 Nxf3 27. Bxf3 Qxf3+ 28. R4g2 h5 29. Qd1 Qxd1 30. Nxd1 Rc6 31. Ne3 Rec8 32. Nc2 Rb6 33. Rb1 Rxc3 34. bxc3 Rxb1+ 35. Rg1 Rb2 36. Ne3 Rxf2 0-1

[Event "CFriend SL-2003-0-00003 email"]
[Site "Chessfriend.com"]
[Date "2003.02.06"]
[Round "?"]
[White "Gabaldon Segovia, Jose"]
[Black "O'Sullivan, Paul"]
[Result "1-0"]
[WhiteElo "1175"]
[BlackElo "1458"]
[PlyCount "67"]
[EventDate "2003.02.06"]
[EventType "tourn (corr)"]
[EventRounds "12"]
[SourceTitle "Corr 2008"]
[Source "ChessBase"]
[SourceDate "2008.06.24"]
[SourceVersion "1"]
[SourceVersionDate "2008.06.24"]
[SourceQuality "1"]

1. e4 e5 2. Nf3 Nc6 3. Bc4 Nf6 4. Ng5 d5 5. exd5 Na5 6. Bb5+ Bd7 7. Qe2 Bd6 8. Bxd7+ Qxd7 9. Nc3 0-0 10. a3 b6 11. d3 c6 12. b4 Nb7 13. dxc6 Qxc6 14. Nce4 Rfc8 15. c4 Be7 16. 0-0 Nxe4 17. Nxe4 Nd6 18. Nc3 f6 19. Nd5 Bf8 20. Qg4 Nf7 21. h4 b5 22. h5 bxc4 23. dxc4 Qxc4 24. Nxf6+ Kh8 25. Qxc4 Rxc4 26. Nd5 Rh4 27. Be3 Bd6 28. Rfd1 h6 29. Rac1 a5 30. Nb6 Rf8 31. bxa5 Bxa3 32. Ra1 Bd6 33. a6 Bc7 34. a7 1-0

[Event "IECG TE.2002.P.01113 email"]
[Site "IECG email"]
[Date "2002.12.30"]
[Round "?"]
[White "Gabaldon Segovia, Jose"]
[Black "Szabo, Istvan"]
[Result "1/2-1/2"]
[WhiteElo "1170"]
[BlackElo "2018"]
[PlyCount "88"]
[EventDate "2002.12.30"]
[EventType "tourn (corr)"]
[EventRounds "8"]
[SourceTitle "Corr 2008"]
[Source "ChessBase"]
[SourceDate "2008.06.24"]
[SourceVersion "1"]
[SourceVersionDate "2008.06.24"]
[SourceQuality "1"]

1. d4 Nf6 2. c4 c5 3. d5 e6 4. Nc3 exd5 5. cxd5 d6 6. e4 g6 7. h3 Bg7 8. Nf3 0-0 9. Bd3 b5 10. Nxb5 Re8 11. 0-0 Nxe4 12. Re1 a6 13. Na3 Nf6 14. Rxe8+ Nxe8 15. Bg5 Qc7 16. Qa4 Nd7 17. Re1 Nef6 18. Qc6 Qb8 19. Nc4 Bb7 20. Qxd6 Bxd5 21. Qxb8+ Rxb8 22. Bf4 Rd8 23. b3 Bxf3 24. gxf3 Nf8 25. Bb1 Ne6 26. Bd2 Nd5 27. Be4 Nc3 28. Bxc3 Bxc3 29. Rc1 Bd4 30. Rc2 h5 31. Ne3 Kg7 32. Nc4 f5 33. Bb7 Rb8 34. Bc6 Nf4 35. Kh2 h4 36. Rd2 Kf6 37. Ne3 g5 38. Bd7 Ng6 39. Nd5+ Ke5 40. Ne3 Nf8 41. Bc6 Ne6 42. Bd7 Nf8 43. Bc6 Ne6 44. Bd7 Nf8 1/2-1/2

[Event "IECG CP.2002.P.00024 email"]
[Site "IECG email"]
[Date "2002.09.24"]
[Round "?"]
[White "Lopez, Antonio"]
[Black "Gabaldon Segovia, Jose"]
[Result "1-0"]
[WhiteElo "1561"]
[BlackElo "1018"]
[PlyCount "63"]
[EventDate "2002.10.01"]
[EventType "tourn (corr)"]
[EventRounds "6"]
[EventCountry "NED"]
[SourceTitle "Corr 2008"]
[Source "ChessBase"]
[SourceDate "2008.06.24"]
[SourceVersion "1"]
[SourceVersionDate "2008.06.24"]
[SourceQuality "1"]

1. e4 c5 2. Nf3 Nc6 3. d4 cxd4 4. Nxd4 e5 5. Nb5 d6 6. c4 Be7 7. N1c3 a6 8. Na3 Be6 9. Bd3 Rc8 10. 0-0 Bg5 11. Nc2 Bxc1 12. Rxc1 Nf6 13. Qd2 0-0 14. Rfd1 Qb6 15. b3 Rfd8 16. h3 Ne7 17. Ne3 h6 18. Ncd5 Bxd5 19. cxd5 Ng6 20. g3 Rc7 21. Nc4 Qa7 22. a4 Nh5 23. Ne3 Rcd7 24. b4 Ne7 25. b5 Nf6 26. a5 axb5 27. Bxb5 Nxe4 28. Qb4 f5 29. Bxd7 Rxd7 30. Qb5 Nf6 31. Nc4 Rd8 32. Nb6 1-0

[Event "IECG CF.2002.0.00032 email"]
[Site "IECG email"]
[Date "2002.08.08"]
[Round "?"]
[White "Gabaldon Segovia, Jose"]
[Black "Barker, Nick"]
[Result "1-0"]
[WhiteElo "1002"]
[BlackElo "1144"]
[PlyCount "55"]
[EventDate "2002.08.08"]
[EventType "tourn (corr)"]
[EventRounds "6"]
[SourceTitle "Corr 2008"]
[Source "ChessBase"]
[SourceDate "2008.06.24"]
[SourceVersion "1"]
[SourceVersionDate "2008.06.24"]
[SourceQuality "1"]

1. d4 d5 2. c4 dxc4 3. Nf3 Nf6 4. e3 e6 5. Bxc4 c5 6. Qe2 a6 7. dxc5 Bxc5 8. 0-0 b5 9. Bd3 0-0 10. e4 e5 11. a4 Bb7 12. axb5 axb5 13. Rxa8 Bxa8 14. Bg5 h6 15. Bxf6 Qxf6 16. Bxb5 Nc6 17. Nc3 Ne7 18. Rd1 Ng6 19. Nd5 Bxd5 20. exd5 Rb8 21. Bc4 e4 22. Qxe4 Rxb2 23. Qe8+ Kh7 24. Rf1 Nf4 25. d6 Qg6 26. g3 Bxf2+ 27. Kh1 Bxg3 28. Bxf7 1-0

[Event "IECG CN.2002.0.00288 email"]
[Site "IECG email"]
[Date "2002.04.03"]
[Round "?"]
[White "Gabaldon Segovia, Jose"]
[Black "Vashenko, Yury"]
[Result "1-0"]
[WhiteElo "996"]
[BlackElo "800"]
[PlyCount "41"]
[EventDate "2002.04.03"]
[EventType "tourn (corr)"]
[EventRounds "6"]
[SourceTitle "Corr 2008"]
[Source "ChessBase"]
[SourceDate "2008.06.24"]
[SourceVersion "1"]
[SourceVersionDate "2008.06.24"]
[SourceQuality "1"]

1. e4 e5 2. Nf3 f6 3. Nxe5 Qe7 4. Nf3 Qxe4+ 5. Be2 Nc6 6. Nc3 Qe7 7. d4 d6 8. 0-0 Be6 9. d5 Kd8 10. dxc6 bxc6 11. Re1 Qd7 12. Be3 Rb8 13. Bxa7 Rxb2 14. Rb1 Rxb1 15. Qxb1 Qc8 16. Nd4 Bd7 17. Bg4 Ne7 18. Bxd7 Kxd7 19. Qb3 d5 20. Na4 Qd8 21. Nc5+ 1-0

[Event "IECG TE.2001.P.00602 email"]
[Site "IECG email"]
[Date "2001.03.20"]
[Round "?"]
[White "Gabaldon Segovia, Jose"]
[Black "Hackfeld, Michael"]
[Result "1-0"]
[WhiteElo "1040"]
[BlackElo "1400"]
[PlyCount "41"]
[EventDate "2001.03.20"]
[EventType "tourn (corr)"]
[EventRounds "12"]
[SourceTitle "Corr 2008"]
[Source "ChessBase"]
[SourceDate "2008.06.24"]
[SourceVersion "1"]
[SourceVersionDate "2008.06.24"]
[SourceQuality "1"]

1. e4 c5 2. d4 cxd4 3. c3 dxc3 4. Nxc3 Nc6 5. Nf3 Nf6 6. Bc4 e6 7. e5 Ng4 8. Bf4 Bc5 9. 0-0 0-0 10. Ne4 Bb6 11. h3 Nh6 12. Bxh6 gxh6 13. Nf6+ Kg7 14. Qc2 Rh8 15. Bd3 d5 16. Qd2 Nxe5 17. Nh5+ Kf8 18. Qxh6+ Ke7 19. Qf6+ Kd6 20. Qxe5+ Kc6 21. Rac1+ 1-0

[Event "IECG TE.2001.P.00602 email"]
[Site "IECG email"]
[Date "2001.03.20"]
[Round "?"]
[White "Hackfeld, Michael"]
[Black "Gabaldon Segovia, Jose"]
[Result "0-1"]
[WhiteElo "1400"]
[BlackElo "1040"]
[PlyCount "64"]
[EventDate "2001.03.20"]
[EventType "tourn (corr)"]
[EventRounds "12"]
[SourceTitle "Corr 2008"]
[Source "ChessBase"]
[SourceDate "2008.06.24"]
[SourceVersion "1"]
[SourceVersionDate "2008.06.24"]
[SourceQuality "1"]

1. e4 c5 2. d4 cxd4 3. c3 dxc3 4. Nxc3 Nc6 5. Nf3 e6 6. Bg5 Qc7 7. Bc4 Nf6 8. 0-0 Be7 9. Nb5 Qb8 10. g3 Nxe4 11. Bxe7 Nxe7 12. Qd3 d5 13. Bb3 0-0 14. Bc2 Bd7 15. Nc3 Bc6 16. Qe3 Nf5 17. Qf4 Qxf4 18. gxf4 Rad8 19. Ne5 Nd4 20. Bd3 Nd2 21. Rfe1 N2f3+ 22. Kf1 Nxe1 23. Rxe1 f6 24. Ng6 hxg6 25. Bxg6 Nf3 26. Re2 d4 27. Ne4 d3 28. Re3 d2 29. Kg2 d1Q 30. h3 Qg1+ 31. Kxf3 f5 32. h4 Qg4# 0-1

[Event "IECG CP.2000.P.00042"]
[Site "IECG email"]
[Date "2000.10.01"]
[Round "?"]
[White "Clews, Bill"]
[Black "Gabaldon Segovia, Jose"]
[Result "1-0"]
[WhiteElo "1700"]
[BlackElo "800"]
[PlyCount "35"]
[EventDate "2000.10.01"]
[EventType "tourn (corr)"]
[EventRounds "6"]
[EventCountry "POL"]
[SourceTitle "Corr 2024"]
[Source "ChessBase"]
[SourceDate "2023.10.19"]
[SourceVersion "1"]
[SourceVersionDate "2023.10.19"]
[SourceQuality "1"]

1. Nf3 Nf6 2. g3 b5 3. Bg2 Bb7 4. 0-0 e6 5. d3 c5 6. c4 bxc4 7. dxc4 Be7 8. Nc3 0-0 9. Bf4 d6 10. Qb3 Qb6 11. Rfd1 Nbd7 12. Rd2 d5 13. cxd5 Qxb3 14. axb3 Nxd5 15. Ne5 Nxe5 16. Bxe5 Rfd8 17. Rad1 Nxc3 18. Rxd8+ 1-0

[Event "IECG CP.2000.P.00042"]
[Site "IECG email"]
[Date "2000.10.01"]
[Round "?"]
[White "Gabaldon Segovia, Jose"]
[Black "Kuhn, Christian Helmut"]
[Result "0-1"]
[WhiteElo "800"]
[BlackElo "1918"]
[PlyCount "20"]
[EventDate "2000.10.01"]
[EventType "tourn (corr)"]
[EventRounds "6"]
[EventCountry "POL"]
[SourceTitle "Corr 2008"]
[Source "ChessBase"]
[SourceDate "2008.06.24"]
[SourceVersion "1"]
[SourceVersionDate "2008.06.24"]
[SourceQuality "1"]

1. e4 e5 2. Nc3 Nf6 3. Nf3 Bb4 4. Nxe5 0-0 5. Be2 Re8 6. Nd3 Bxc3 7. dxc3 Nxe4 8. Nf4 Nc6 9. 0-0 d6 10. f3 Nf6 0-1